00349nam a2200085 a 4500041000800000100002800008245015000036260006800186300000900254 aspa aMejía Gonzalez, Diana aDesarrollo de un plan de fortalecimiento administrativo, técnico y comercial a empresas de biocomercio de la región del sur de la Amazonía aBogotábInstituto Alexander von HumboldtbCORPOAMAZONIAc2008 a9 p.